000
00287nam a22001337a 4500
008
170127b xxu||||| |||| 00| 0 eng d
020
_a
0070328072
041
_a
eng
080
_a
61
100
_a
3
101
_a
SHM
245
_a
HEALTH ASSESSMENT MANUAL
_c
JONES, D.A
942
_2
udc
_c
BK
999
_c
3865
_d
3865